01135nam a2200217Ia 4500008004100000020002200041082001900063100001800082245011700100250002600217260004500243300001100288440003100299500008600330505014900416650004700565952009600612952009600708952009600804999001700900120622s9999 xx 000 0 und d a978-84-493-1169-7 a410 L827c v. 1 aLomas, Carlos aCómo enseñar a hacer cosas con las palabras : teoría y práctica de la educación lingüística : v. 1 a2a.ed. correg. y act. aBarcelona : Ediciones Paidós Ibérica a414 p. aPapeles de pedagogía, 38 aIncluye: glosario p. 381 ; referencias bibliográficas p. 403 ; epílogo p. 413 aTeoría de la educación lingüística.- La práctica de la educación lingüística.- Cómo enseñar a hacer cosas con las palabras.- aLINGÜÍSTICA - ESTUDIO Y ENSEÑANZAÌ 00104070a01b01d2011-09-28l0o410 L827C V. 1p01 013040r2012-06-24t1w2012-06-24yLB 00104070a01b01d2011-09-28l0o410 L827C V. 1p01 013041r2012-06-24t2w2012-06-24yLB 00104070a01b01d2011-09-28l0o410 L827C V. 1p01 013042r2012-06-24t3w2012-06-24yLB c61336d61336